MILLER AND FREUNDS PROBABILITY AND STATISTICS FOR ENGINEERS (Record no. 572523)
[ view plain ]
| 000 -LEADER | |
|---|---|
| fixed length control field | 00431nam a22001337a 4500 |
| 020 ## - INTERNATIONAL STANDARD BOOK NUMBER | |
| International Standard Book Number | 81-7758-184-8 |
| 082 ## - DEWEY DECIMAL CLASSIFICATION NUMBER | |
| Classification number | 519.202462 JOH |
| 100 ## - MAIN ENTRY--PERSONAL NAME | |
| Personal name | JOHNSON, RICHARD .A , GUPTA , C. B , MILLER , FREUNDS |
| 9 (RLIN) | 63810 |
| 245 ## - TITLE STATEMENT | |
| Title | MILLER AND FREUNDS PROBABILITY AND STATISTICS FOR ENGINEERS |
| 260 ## - PUBLICATION, DISTRIBUTION, ETC. | |
| Place of publication, distribution, etc. | NEW DELHI |
| Name of publisher, distributor, etc. | PEARSON EDUCATION |
| Date of publication, distribution, etc. | 2006 |
| 300 ## - PHYSICAL DESCRIPTION | |
| Extent | XII,645 P |
| 650 ## - SUBJECT ADDED ENTRY--TOPICAL TERM | |
| Topical term or geographic name entry element | PROBABILITY AND STATISTICS FOR ENGINEERS |
| 9 (RLIN) | 57427 |
| 942 ## - ADDED ENTRY ELEMENTS (KOHA) | |
| Koha item type | Book |
| Withdrawn status | Lost status | Damaged status | Not for loan | Permanent Location | Current Location | Shelving location | Date acquired | Total Checkouts | Full call number | Barcode | Date last seen | Price effective from | Koha item type |
|---|---|---|---|---|---|---|---|---|---|---|---|---|---|
| College of Electrical & Mechanical Engineering (CEME) | College of Electrical & Mechanical Engineering (CEME) | General Stacks | 07/26/2017 | 2 | 519.202462 JOH | CEME-42159 | 06/28/2021 | 06/28/2021 | Book |
